The Master/ (Record no. 190738)

MARC details
000 -LEADER
fixed length control field 00534 a2200181 4500
005 - DATE AND TIME OF LATEST TRANSACTION
control field 20220803171722.0
010 ## - LCCN (DPL NO)
LC control number ENG-134214
020 ## - INTERNATIONAL STANDARD BOOK NUMBER
Terms of availability 799.00
International Standard Book Number 9789383516018
035 ## - SYSTEM CONTROL NUMBER
System control number EN-117746
037 ## - SOURCE OF ACQUISITION
Source of stock number/acquisition DBAD/PUB
082 ## - DEWEY DECIMAL CLASSIFICATION NUMBER
Classification number 294.5092
100 ## - MAIN ENTRY--PERSONAL NAME
Personal name Rajagopalachari,Parthasarathi
245 ## - TITLE STATEMENT
Title The Master/
Statement of responsibility, etc by Parthasarathi Rajagopalachari
260 ## - PUBLICATION, DISTRIBUTION, ETC. (IMPRINT)
Place of publication, distribution, etc India
Name of publisher, distributor, etc Shri Ram Chandra Mission
Date of publication, distribution, etc 2018
270 ## - ADDRESS
Address HQ-Shahjahanpur,
City India
300 ## - PHYSICAL DESCRIPTION
Extent 239p.:
Dimensions 23cm(pbk)
Other physical details ill.
942 ## - ADDED ENTRY ELEMENTS (KOHA)
Institution code [OBSOLETE] dpl
Item type English Books
Source of classification or shelving scheme Dewey Decimal Classification
Classification part 294.5092
Call number suffix RAJ
Holdings
Withdrawn status Lost status Not for loan Collection code Home library Current library Date acquired Source of acquisition Cost, normal purchase price Full call number Barcode Copy number Cost, replacement price Koha item type
      Non-fiction Bawana Bawana 03/08/2022 DBAD/PUB 799.00 294.5092 RAJ EN-117746 1 799.00 English Books

© Delhi Public Library
Hit Counter
free hit counter